| 000 | 00527nam a2200169 i 4500 | ||
|---|---|---|---|
| 001 | 65052 | ||
| 003 | ES-MaACL | ||
| 005 | 20251014063127.0 | ||
| 007 | t| | ||
| 008 | 040108s1916 po ||||1| por d | ||
| 100 | 1 |
_aFrankowski, Eugeniusz, _d1884-1962 _952338 |
|
| 245 | 1 | 3 |
_aAs cangas e jugos portugueses de jungir os bois pelo cachaso / _cEugeniusz Frankowski. |
| 260 |
_aLisboa : _b[s.n.], _c1916. |
||
| 500 | _aEs separata de: Terra portuguesa. NÂș 2. | ||
| 852 |
_aES-MaACL _j1595-F-20 |
||
| 999 |
_c65052 _d65052 |
||